000 00908nam a2200289 i 4500
001 126437
003 ES-MaACL
005 20231030183226.0
007 t|
008 070214s1980 sp a r ||||1| spa d
080 _a575.8
080 _a572.4
080 _a008(100)(091)
100 1 _aRensch, Bernhard.
_996238
245 1 0 _aHomo sapiens
_b: de animal a semidios /
_cBernhard Rensch ; versión de Alfredo Guéra Miralles.
260 _aMadrid :
_bAlianza Editorial,
_c1980.
300 _a242 p. :
_bil. ;
_c20 cm.
490 1 _aAlianza Universidad ;
_v279
504 _aBibliografía: p. 231-242.
650 4 _aEvolución humana.
_912627
650 0 4 _aHombre-
_xOrigen.
_913452
650 0 4 _aCivilización-
_xHistoria
_911082
700 1 _aGuera Miralles, Alfredo.
_960449
830 0 _aAlianza Universidad ;
_v279
_9177276
852 _aES-MaACL
_jL-602
999 _c126437
_d126437